Engaging India: (Record no. 69684)

MARC details
000 -LEADER
fixed length control field 00749nam a22002177a 4500
005 - DATE AND TIME OF LATEST TRANSACTION
control field 20120903151622.0
010 ## - LCCN (DPL NO)
LC control number G-002133
020 ## - INTERNATIONAL STANDARD BOOK NUMBER
International Standard Book Number 9780670057719
Terms of availability 395.00
035 ## - SYSTEM CONTROL NUMBER
System control number G-002133
037 ## - SOURCE OF ACQUISITION
Stock number dpl
Source of stock number/acquisition Gift
082 ## - DEWEY DECIMAL CLASSIFICATION NUMBER
Classification number 327.73054
100 ## - MAIN ENTRY--PERSONAL NAME
Personal name Peters, Thomas J.
245 ## - TITLE STATEMENT
Title Engaging India:
Remainder of title diplomacy, democracy and the bomb/
Statement of responsibility, etc by Strobe, Talbott
260 ## - PUBLICATION, DISTRIBUTION, ETC. (IMPRINT)
Place of publication, distribution, etc London
Name of publisher, distributor, etc Penguin Books
Date of publication, distribution, etc 2004
270 ## - ADDRESS
Address 80 Strand
City London
300 ## - PHYSICAL DESCRIPTION
Extent 268p.
Dimensions 23cm(pbk)
500 ## - GENERAL NOTE
General note It includes Index.
942 ## - ADDED ENTRY ELEMENTS (KOHA)
Source of classification or shelving scheme Dewey Decimal Classification
Item type English Books
Classification part 327.73054
Call number suffix STR
Holdings
Withdrawn status Lost status Not for loan Collection code Home library Current library Date acquired Source of acquisition Cost, normal purchase price Full call number Barcode Copy number Cost, replacement price Koha item type
      Non-fiction Vinoba Puri Vinoba Puri 03/09/2012 Gift 395.00 327.73054 STR G-002133 1 395.00 English Books

© Delhi Public Library
Hit Counter
free hit counter